Formula one drivers line-up 1987 - Statistics

General Stats
  • This quiz has been taken 140 times
  • The average score is 23 of 33
Answer Stats
Constructor Rounds Driver Nationality % Correct
McLaren All Alain Prost France
97%
McLaren All Stefan Johansson Sweden
86%
Williams All Nelson Piquet Brazil
83%
Williams 1-15 Nigel Mansell UK
82%
Lotus All Ayrton Senna Brazil
80%
Williams 16 Riccardo Patrese Italy
79%
Brabham 1-15 Riccardo Patrese Italy
79%
Zakspeed All Martin Brundle UK
77%
Ferrari All Gerhard Berger Austria
76%
Ferrari All Michele Alboreto Italy
76%
Lotus All Satoru Nakajima Japan
75%
Brabham All Andrea de Cesaris Italy
73%
AGS 15-16 Roberto Moreno Brazil
72%
Ligier 2-16 René Arnoux France
70%
Benetton All Thierry Boutsen Belgium
70%
Minardi All Alessandro Nannini Italy
69%
Arrows All Eddie Cheever USA
68%
March All Ivan Capelli Italy
68%
Tyrrell All Jonathan Palmer UK
68%
Brabham 16 Stefano Modena Italy
66%
Arrows All Derek Warwick UK
65%
Tyrrell All Philippe Streiff France
65%
Zakspeed All Christian Danner Germany
62%
Lola 2-16 Philippe Alliot France
62%
Benetton All Teo Fabi Italy
62%
Minardi All Adrián Campos Spain
59%
Coloni 11, 13 Nicola Larini Italy
59%
Ligier 2-16 Piercarlo Ghinzani Italy
56%
Lola 14-16 Yannick Dalmas France
56%
Osella All Alex Caffi Italy
55%
Osella 2 Gabriele Tarquini Italy
55%
AGS 1-14 Pascal Fabre France
55%
Osella 11-13 Franco Forini Switzerland
46%
No matching quizzes found
Score Distribution
Percent of People with Each Score
Percentile by Number Answered
Your Score History
You have not taken this quiz